Thẩm định dự án = Project appraisal (1of 4) : syllabus, Eams, Prroblem sets, handouts : Đề cương môn học, bài thi, bài tập, bài phát thêm

שמור ב:
מידע ביבליוגרפי
פורמט: ספר
שפה:Undetermined
יצא לאור: Fulbright 2001
נושאים:
תגים: הוספת תג
אין תגיות, היה/י הראשונ/ה לתייג את הרשומה!
Thư viện lưu trữ: Trung tâm Học liệu Trường Đại học Cần Thơ
LEADER 00544nam a2200157Ia 4500
001 CTU_154497
008 210402s9999 xx 000 0 und d
082 |a 332.6 
082 |b Th120 
245 0 |a Thẩm định dự án = 
245 0 |b Project appraisal (1of 4) : syllabus, Eams, Prroblem sets, handouts : Đề cương môn học, bài thi, bài tập, bài phát thêm 
260 |b Fulbright 
260 |c 2001 
650 |a Investments 
904 |i Bạch Trúc 
980 |a Trung tâm Học liệu Trường Đại học Cần Thơ